000 01183pab a2200193 454500
008 180718b1995 xxu||||| |||| 00| 0 eng d
100 _aGolandaz, H.M.
245 _aSeventy-fourth Constitution Amendment Act and conformity municipal legislations in Gujarat and Maharashtra
260 _c1995
300 _ap.151-59
362 _aJan-Jun
520 _a"The paper gives an account of comparative provisions in the conformity legislations of Gujarat and Maharashtra. It does not observe perceptible enhancement of municipal autonomy in the post Seventy-fourth Amendement, through some interesting provision have been made relating to Ward Committees in Maharashtra. By reducing the term of office of President, who also wields executive authority, the very purpose of democratic decentralisation has been defeated. The only redeeming feature, the paper argues, is the provision relating to limiting supersession up to six months only".
650 _aIndia - Constitution - Amendments - 74th
650 _aMunicipal government - India - Maharashtra
650 _aMunicipal government - India - Gujarat
650 _aLocal government
773 _aUrban India
909 _a30905
999 _c30905
_d30905